000 00473nam a2200205Ia 4500
999 _c23131
_d23131
003 0100
005 20170803110249.0
008 130303s9999 xx 000 0 und d
040 _cARRUPELIB
050 _aB851.A46 1984
245 _aAmerican philosophy
245 _bA historical anthology
260 _bState University
_aAlbany
_c1984
300 _axv
300 _b 688p. 23cm.
650 _aPhilosophy
_xAmerican
_xAddresses, essays, lectures
_934545
700 _aMacKinnon, Barbara (ed.)
_934546
942 0 0 _01
_2lcc
_cMONOGRAPH